Metacognición y educación /

Kaydedildi:
Detaylı Bibliyografya
Yazar: Mateos, Mar (autor)
Materyal Türü: Kitap
Dil:İspanyolca
Baskı/Yayın Bilgisi: Buenos Aires, Argentina : Aique, 2001, c2001
Konular:
Etiketler: Etiketle
Etiket eklenmemiş, İlk siz ekleyin!

MARC

LEADER 00000nam^a2200000^a^4500
001 000153923
005 20250521000000.0
009 20260310100336.742
020 |a 950-701-772-0 
037 |a Acervo ITESO - Biblioteca 
041 |a ESP 
082 |a 153. 4  |b MAT 
100 |a Mateos, Mar  |e (autor) 
245 1 0 |a Metacognición y educación /  |c M. Mateos. 
264 4 |a Buenos Aires, Argentina :  |b Aique,  |c 2001, c2001 
300 |a 143 p. 
336 |a texto  |b txt  |2 rdacontenido 
337 |a sin mediación  |b n  |2 rdamedio 
338 |a volumen  |b nc  |2 rdasoporte 
649 |a XX 
650 |a Aprendizaje Significativo 
650 |a Metacognición -  |x Tema Principal 
650 |a Desarrollo Cognoscitivo 
650 |a Psicología Cognitiva 
650 |a Psicología Educativa 
650 |a Educación 
910 |a Fondo General 
920 |a Impresos - Libros 
930 |a Colección General 
905 |a 101 
901 |a 0500082311  |b IT1  |c ACC  |u 20250521 
901 |a 0500251195  |b IT1  |c ACC  |i D72035  |u 20250521 
902 |a https://opac.biblio.iteso.mx/vufind/Record/000153923